00245nam a2200097Ia 4500008004100000100001800041245004000059250000800099260003200107300000800139191201s2019 xx 000 0 und d aSALARIA, R.S. 0aComputer Oriented Numerical Methods a5th bKhanna PublisheraNEW DELHI a462